Normal view
MARC view
- Videojuegos en la educación
Entry Materia
001 - NÚMERO DE CONTROL DEL REGISTRO
- campo de control: 53452
003 - IDENTIFICADOR DE NUMERO DE CONTROL
- campo de control: MX-MxUPN
005 - FECHA Y HORA DE LA ÚLTIMA TRANSACCIÓN
- campo de control: 20240906133821.0
008 - DATOS DE LONGITUD FIJA
- campo de control de longitud fija: 240905nn annnnbabn a ana d
040 ## - FUENTE DE LA CATALOGACIÓN
- Centro catalogador de origen: MX-MxUNAM
- Lengua de catalogación: spa
- Agencia de modificación: MX-MxUPN
053 ## - NÚMERO CLASIFICADOR - BIBLIOTECA DEL CONGRESO (LC)
- Elemento numérico de la clasificación - Número único o no. inicial del rango: LB1028.75
150 ## - ENCABEZAMIENTO - TEMÁTICO
- Término de materia o nombre geográfico como elemento inicial: Videojuegos en la educación
450 ## - VÉASE - MATERIA
- Encabezamiento temático: Videojuegos en la enseñanza
670 ## - FUENTE EN LA QUE SE LOCALIZARON DATOS
- Cita de la fuente: Autoridades LIBRUNAM, 5 septiembre 2024:
- Información localizada: (Videojuegos en la educación)
- Identificador Uniforme del Recurso: https://librunam.dgb.unam.mx
902 ## - CATALOGADOR
- Catalogador: VíctorGodínez/050924
